|
|
|
|
| LEADER |
00000nam0a2200000 4500 |
| 001 |
193305 |
| 005 |
20231031181841.0 |
| 035 |
|
|
|a (RuTPU)RU\TPU\book\210822
|
| 090 |
|
|
|a 193305
|
| 100 |
|
|
|a 20110322d1970 m y0rusy50 ca
|
| 101 |
1 |
|
|a rus
|c eng
|
| 102 |
|
|
|a RU
|
| 105 |
|
|
|a a z 001zy
|
| 200 |
1 |
|
|a Космическая эра. Прогнозы на 2001 год
|e пер. с англ.
|f под ред. В. С. Емельянова
|
| 210 |
|
|
|a Москва
|c Мир
|d 1970
|
| 215 |
|
|
|a 420 с.
|c ил.
|
| 610 |
1 |
|
|a космос
|
| 610 |
1 |
|
|a космическая эра
|
| 610 |
1 |
|
|a космическая техника
|
| 610 |
1 |
|
|a космические системы
|
| 610 |
1 |
|
|a перспективы
|
| 610 |
1 |
|
|a использование
|
| 610 |
1 |
|
|a прогресс
|
| 675 |
|
|
|a 629.19
|v 3
|
| 702 |
|
1 |
|a Емельянов
|b В. С.
|4 340
|
| 801 |
|
1 |
|a RU
|b 63413507
|c 20110322
|
| 801 |
|
2 |
|a RU
|b 63413507
|c 20130802
|g RCR
|
| 942 |
|
|
|c BK
|